[Event "GER CupT 9697 f-1"]
[Site "Porz"]
[Date "1997.??.??"]
[Round "?.2"]
[White "Hracek, Zbynek"]
[Black "Van Wely, Loek"]
[Result "0-1"]
[WhiteElo "2630"]
[BlackElo "2645"]
[Annotator "Knaak,R"]
[PlyCount "88"]
[EventDate "1997.??.??"]
[EventType "team"]
[EventRounds "1"]
[EventCountry "GER"]
[SourceTitle "GER-chT"]
[Source "ChessBase"]
[SourceDate "1999.07.01"]
[SourceVersion "1"]
[SourceVersionDate "1999.07.01"]
[SourceQuality "1"]

1. e4 c5 2. c3 Nf6 3. e5 Nd5 4. Nf3 e6 5. Bc4 Nb6 6. Bb3 c4 7. Bc2 d6 8. exd6
Bxd6 9. d4 {Hracek folgt nicht seiner Partie gegen Piket (Nussloch 1996), als
er mit 9.b3 zum Erfolg kam.} cxd3 10. Qxd3 $14 Nc6 11. O-O Ne5 $146 (11... Qc7
12. Rd1 Be7 13. Na3 Bxa3 14. bxa3 $16 {Magem Badals-Illescas Cordoba Pamplona
1992}) 12. Nxe5 Bxe5 13. Qh3 Bd7 14. Nd2 Qc7 15. Nf3 Bf6 16. Bg5 $1 {Von nun
an wird Schwarz an einer normalen Entwicklung gehindert. Nach} Nd5 (16... Bxg5
17. Nxg5 {hat es der schwarze König nicht leicht, sich in Sicherheit zu
bringen.}) 17. Be4 $1 {MultiMedia files not imported} Bc6 (17... O-O-O 18. Bxd5
exd5 19. Qh4 {ist nicht erstrebenswert für Schwarz.}) (17... Nf4 18. Qh4 Bxg5
19. Nxg5 $16) 18. c4 Nb4 19. Bxc6+ Nxc6 20. Bxf6 gxf6 21. Qh6 {Es ist
offensichtlich: Weiß hat den Eröffnungskampf gewonnen.} Ke7 22. Rfe1 Rag8 23.
Rad1 Rg4 $1 {Der Turm ist zumindest lästig.} 24. g3 Qa5 (24... Rxc4 {folgt
einfach} 25. Qg7 $1 Rd8 26. Qxh7) 25. Rd5 {Sehr solide, aber auch kleinlich
wäre 25.a3 gewesen.} Qxa2 26. Nh4 $4 {Hracek, der eigentlich 26.Dd2 geplant
hatte, vermeinte nun mit dem Textzug noch schneller zu gewinnen.} (26. Qd2 Kf8
$1 {Nach diesem Zug vermag ich keinen Vorteil rauszuanalysieren.} (26... Rd8
27. Rxd8 Nxd8 28. Rd1 $1 Nc6 29. Qd6+ Ke8 30. Qc7 Kf8 31. Rd7 $18) (26... Qxc4
27. Rd7+ Kf8 28. Qh6+ Ke8 29. Rxb7 $18) (26... Rb8 27. Rd7+ Ke8 28. h3 $1 (28.
Qd6 Qxc4 29. Nd2 Qb4) 28... Rxc4 (28... Rg6 29. Qd6 Qxc4 30. Nd4 Qb4 31. Rxe6+
fxe6 32. Qxe6+ Ne7 33. Nf5 $18) 29. Qd6 {Weiß droht 30.Txe6+ und auch das
Motiv Te7+ kann eine Rolle spielen.} Rb4 (29... Rc2 30. b3 $3 Qxb3 31. Nd4 {
mit Turmgewinn.}) 30. b3 $1 Qxb3 31. Nd2 Qa2 32. Ne4 Rxe4 (32... Qb2 33. Nc5
$18) 33. Re7+ $1 Nxe7 34. Qxb8+ Kd7 35. Qxb7+ Kd8 36. Qxe4 {und Weiß sollte
auch hier gewinnen, da wohl der Bh7 fällt.}) 27. Rd7 Kg7 28. h3 Rxc4 29. Ng5 (
29. Rxe6 Rc1+ 30. Qxc1 Qxe6 31. Rxb7 $11) 29... Nd8 $1 30. Rxd8 Rxd8 31. Qxd8
fxg5 32. Qxg5+ Kf8 33. Rd1 (33. Qf6 Qb3 34. Re5) 33... Rc8 34. Rd7 Qb1+ 35. Kh2
Qf5 36. Qxf5 exf5 37. Rxb7 Rc2 $11) 26... Re4 $1 {, und hatte diesen einfachen
Trick übersehen. Der lästige Turm wird nun zum Matchwinner.} 27. Rdd1 Qxc4 28.
Qg7 $6 (28. Ng6+ {Hatten das beide verpaßt?} hxg6 29. Qxh8 $15) 28... Rd8 29.
Qxh7 Ne5 $19 30. f4 Qc2 31. Qh5 Rxd1 32. Rxd1 Re2 33. Rf1 Qc5+ 34. Kh1 Qd5+ 35.
Kg1 Qd4+ 36. Kh1 Qe4+ 37. Kg1 Qe3+ 38. Kh1 Nd3 39. Qb5 Rxb2 40. Qc4 Qe2 41.
Ng6+ fxg6 42. Qc7+ Kf8 43. Qd8+ Kg7 44. Qe7+ Kh6 0-1

[Event "Olympiad-30"]
[Site "Manila"]
[Date "1992.06.16"]
[Round "8.1"]
[White "Motwani, Paul"]
[Black "Kortschnoj, Viktor Lvovich"]
[Result "1/2-1/2"]
[WhiteElo "2455"]
[BlackElo "2585"]
[Annotator "Kortschnoj,V"]
[PlyCount "35"]
[EventDate "1992.06.08"]
[EventType "team-swiss"]
[EventRounds "14"]
[EventCountry "PHI"]
[SourceTitle "CBM 030"]
[Source "ChessBase"]
[SourceDate "1992.10.01"]
[SourceVersion "1"]
[SourceVersionDate "1992.10.01"]
[SourceQuality "1"]
[WhiteTeam "Scotland"]
[BlackTeam "Switzerland"]
[WhiteTeamCountry "SCO"]
[BlackTeamCountry "SUI"]

{<M> After the game Kortschnoj felt that if he did not take the pawn he would
just have a bad position <D>} 1. e4 c5 2. c3 e6 3. d4 d5 4. exd5 exd5 5. Be3 {
<M> A Motwani speciality <D>} c4 6. b3 cxb3 7. axb3 Bd6 8. Bd3 Nf6 {<M> 8.Ne7
9.Qf3 and White does not need to play h3 first. Motwani-Schmittdiel Gausdal
1992 ended in a White win in 21. <D>} 9. Nd2 {<M> An idea of Johann van Mil,
White delays the development of his kings knight in order to retain the option
of Qf3. <D>} O-O 10. h3 Re8 11. Qf3 Qe7 12. Ne2 Ne4 13. O-O (13. Ra5 b6 14.
Rxd5 Nxd2 15. Bxd2 Bb7 $17) 13... Nd7 {<M> Kortschnoj jets in by IM Malcolm
Pein <D>} 14. Nf4 {<M> 13..Nxc3 14.Rfc1 transposes <D>} (14. c4 Bb4 15. Rfd1
Nxd2 16. Bxd2 Bxd2 17. Rxd2 Qb4 {<M> White thought for 46 minutes before
playing this, Black thought for 38 minutes over his reply <D>}) 14... Bxf4 (
14... Ndf6 15. Nxd5 $13) 15. Qxf4 Nxc3 {<M> Kortschnoj jets in by IM Malcolm
Pein <D>} 16. Rfc1 Ne4 (16... Qb4 17. Qc7 Nb5 18. Qa5 $1 $16) 17. Bxe4 dxe4 18.
Nc4 {<M> Kortschnoj jets in by IM Malcolm Pein <D>} 1/2-1/2

[Event "FIDE-Wch k.o."]
[Site "Moscow"]
[Date "2001.12.13"]
[Round "6.4"]
[White "Ponomariov, Ruslan"]
[Black "Svidler, Peter"]
[Result "1/2-1/2"]
[WhiteElo "2684"]
[BlackElo "2686"]
[Annotator "Kostakiev,D"]
[PlyCount "36"]
[EventDate "2001.11.27"]
[EventType "k.o."]
[EventRounds "7"]
[EventCountry "RUS"]
[SourceTitle "CBM 086"]
[Source "ChessBase"]
[SourceDate "2002.02.05"]
[SourceVersion "1"]
[SourceVersionDate "2002.02.05"]
[SourceQuality "1"]

{Even short game between great players could be imporant for the opening
theory.} 1. e4 c5 2. Nf3 e6 3. c3 {In my country this line is called
'Bulgarian variation'. Devoted to the topic, about 25 years ago Jivko
Kajkamdjozov wrote small nice opening book with this title. Looking back in
the time we can see that yet in 1864 Popert use the move 3.c3 against Staunton.
Alekhine said that the move is not worse than 3.d4. Today gm. Sveshnikov is
among the big partisans of this line.} Nf6 (3... d5 4. e5 (4. exd5 Qxd5 5. d4
Nc6 {1/2-1/2 Grob,H-Kostic,B/Meran 1926/EXT 2000 (52)}) 4... Nc6 5. d4 (5. Bb5
Bd7 (5... Qb6 6. Bxc6+ bxc6 {0-1 Moreau,C-Maroczy,G/Monte Carlo 1903/HCL (50)})
6. Bxc6 Bxc6 7. O-O d4 8. d3 Qd7 9. c4 Ne7 {0-1 Albin,A-Maroczy,G/Monte Carlo
1902/EXT 2000 (58)}) 5... Qb6 6. Bd3 Bd7 7. Bc2 Rc8 8. O-O {1-0 Popert,
H-Staunton,H/London 1841/EXT 99 (23)}) (3... Nc6 4. d4 d5 5. exd5 exd5 6. Bd3 (
6. Be2 Nf6 7. O-O cxd4 8. cxd4 Be7 {1/2-1/2 Suhle,B-Anderssen,A/Berlin 1864/
EXT 99 (56)}) (6. g3 Nf6 7. Bg2 Be7 8. O-O O-O {0-1 Jensen,T-Aalheim,T/
Goteborg 1920/EXT 2000 (36)}) 6... Nf6 7. O-O Be6 8. Re1 Bd6 9. Bf5 O-O 10.
Bxe6 {1-0 Szen,J-Kennedy,H/London 1851/HCL (45)}) 4. e5 (4. d3 d5 5. Nbd2 Nc6
6. Qc2 Be7 7. Be2 {1/2-1/2 Wolf,H-Tartakower,S/Maehrisch Ostrau 1923/HCL (79)})
4... Nd5 5. Bc4 (5. d4 cxd4 6. cxd4 Be7 7. Nc3 Nxc3 8. bxc3 {1/2-1/2
Nimzowitsch,A-Vidmar,M/New York 1927/HCL (33)}) 5... d6 6. d4 cxd4 7. cxd4 Nc6
8. O-O Be7 9. Qe2 O-O 10. Qe4 {Har Zvi: 'I think it will not be a mistake to
say very clearly that Sermek is the leading player in the world in this
variation,many of the important lines in theory are in the games Sermek-Kozul
in the line 10...Qc7'} Qa5 $146 ({For} 10... Bd7 {is also ineresting the
comment of Har Zvi below:} 11. Bd3 g6 12. Bh6 Re8 {1-0 Sermek,D-Radocaj,D/Pula
1996/EXT 98 (40)}) (10... Kh8 11. Bd3 f5 12. exf6 {1/2-1/2 Chekhov,V-Dorfman,J/
Kischniev 1975/EXT 2001 (26)}) 11. Nbd2 $14 Bd7 12. Bb3 (12. Re1 $14 Rac8 13.
a3) 12... Qa6 $5 (12... Rac8 $5) 13. Qg4 Rfd8 (13... dxe5 14. dxe5 (14. Nxe5
Rfd8 $132) 14... Rad8 15. Ne4 $14) 14. Ne4 Nxd4 15. Nxd4 dxe5 16. Bh6 Bf8 17.
Nc5 Qb6 18. Nxd7 (18. Bxd5 Qxc5 19. Bxb7 Rab8 $132) (18. Ndxe6 Bxe6 19. Nxe6
Qxe6 20. Qxe6 fxe6 21. Bg5 Rd7 $132) 18... Qxd4 $15 1/2-1/2

[Event "Corus-B"]
[Site "Wijk aan Zee"]
[Date "2003.01.21"]
[Round "9"]
[White "Jonkman, Harmen"]
[Black "Naiditsch, Arkadij"]
[Result "1-0"]
[WhiteElo "2436"]
[BlackElo "2585"]
[Annotator "Kostakiev,D"]
[PlyCount "73"]
[EventDate "2003.01.14"]
[EventType "tourn"]
[EventRounds "13"]
[EventCountry "NED"]
[EventCategory "13"]
[SourceTitle "CBM 093"]
[Source "ChessBase"]
[SourceDate "2003.04.01"]
[SourceVersion "1"]
[SourceVersionDate "2003.04.01"]
[SourceQuality "1"]

1. e4 c5 2. c3 d5 3. exd5 Qxd5 4. d4 Nf6 5. Nf3 Bg4 $5 {Used several times by
Kasparov} ({More often is met} 5... e6) 6. dxc5 $5 {Initiated by Arnason,A
1985. Of late years this move braught good success for White} ({However the
older line} 6. Be2 e6 {is not to be neglected at all.} {Short referances for
some memorable games:} 7. O-O (7. h3 Bh5 {1/2-1/2 Kramnik,V-Kasparov,G/Paris
1994/CBM 43 ext (37)}) 7... Nc6 8. h3 Bh5 9. Be3 cxd4 10. cxd4 $1 (10. Nxd4 {
1/2-1/2 Zarnicki,P-Kasparov,G/Buenos Aires 1997/EXT 98 (20)}) 10... Bb4 (10...
Be7 {1/2-1/2 Ljubojevic,L-Kasparov,G/Moscow 1994/CBM 45 (28)}) 11. a3 (11. Nc3
Qd6 12. Nb5 Qe7 13. a3 Ba5 14. Bf4 (14. g4 Bg6 {1/2-1/2 Estrada,J-Schebler,G/
Koszeg 1997/EXT 2001 (71)}) (14. Rc1 {0-1 Acs,P-Varga,Z/Budapest 1996/EXT 97 
(51)}) (14. Ne5 {1-0 Comp Deep Blue-Kasparov,G/Philadelphia 1996/CBM 50 ext/
[Friedel] (37)}) 14... Rd8 15. Qa4 Bb6 16. Be3 O-O {1-0 Sosa,R-Beltran,H/
Merida 1997/EXT 99 (53)}) 11... Ba5 12. Nc3 $1 (12. b4 {0-1 Afek,Y-Polgar,S/
Tel Aviv 1996/CBM 53/[Har Zvi] (22)}) 12... Qd6 13. Nb5 Qb8 $146 (13... Qe7 {
- 66/(112)}) 14. d5 $5 {Petkov,P-Kostakiev,D/corr 1996/Inf 68/[Kostakiev,D] 
(24)}) 6... Qxc5 ({In the initial game it was:} 6... Qxd1+ 7. Kxd1 e5 8. b4 e4
9. h3 Bh5 10. g4 Nxg4 11. hxg4 Bxg4 12. Nbd2 exf3 13. Bb5+ {1-0 Arnason,
A-Arnason,J/Vestmannaeyjum 1985/MCL (64)}) 7. h3 Bh5 8. Na3 a6 9. Be3 Qc7 10.
Nc4 (10. Qa4+ Nbd7 11. O-O-O e6 12. g4 Bg6 13. Bf4 {1-0 Lukov,V-Kineva,E/Tomsk
2002/CBM 89 ext (60)}) 10... Nbd7 11. g4 (11. a4 e6 12. a5 Be7 13. Nb6 Rd8 {
1/2-1/2 Novak,I-Jedlicka,A/Tatranska Lomnica 1998/EXT 2000 (43)}) 11... Bg6 12.
g5 Ne4 (12... b5 13. gxf6 bxc4 14. Nd2 Qb7 15. Rg1 Qxb2 16. Bd4 {1/2-1/2
Kristjansson,S-Bu Xiangzhi/Goa IND 2002/The Week in Chess 423 (20)}) 13. Nh4 e6
14. Qf3 $146 (14. Nxg6 hxg6 15. Qg4 Nd6 16. Bf4 Qc5 17. b4 {Jonkman,H-Vuckovic,
B/Tanta City 2002/CBM 88 ext/1/2-1/2 (32)}) 14... Nec5 (14... Nd6 $142 15. Bf4
$14) 15. Nxg6 hxg6 16. O-O-O {[#]} Rh4 $6 (16... Be7 $142 $14) 17. Rd4 $16 Rxd4
18. cxd4 Na4 19. Bf4 Qc8 20. Kb1 Nab6 21. Ne3 Qc6 (21... Nb8 22. Bg2 $16) 22.
Bg2 Qb5 23. Qd1 (23. Ka1 Be7 24. Qxb7 Rc8 $16) 23... Nc8 24. Re1 $6 (24. Qf1
Bd6 25. Qxb5 axb5 $16) 24... Bd6 $14 25. a4 {[#]} (25. Qg4 $142 Bxf4 (25...
Ndb6 26. Rc1 Qd3+ 27. Ka1 Qxd4 28. Bxb7 Ra7 29. Bc6+ Kf8 30. Bxd6+ Qxd6 $14)
26. Qxf4 Ncb6 (26... Ne7 27. Rc1 $16) 27. Rc1 $16) 25... Qb4 $2 (25... Qa5 $1
26. Bxb7 Ra7 27. Qc1 (27. Bxc8 $6 Bxf4 28. Nc4 Qb4 $132) 27... Qd8 28. Bxd6 (
28. Qxc8 Qxc8 29. Bxc8 Bxf4) 28... Nxd6 29. Bg2 Rc7 30. Nc2 Qb8 $1 $11 (30...
Nb6 $6 31. d5 $16)) 26. Nd5 $16 Qa5 27. Bd2 Qd8 28. h4 (28. Qf3 $5 $16) 28...
Kf8 29. h5 $1 (29. Ne3 Kg8 30. Qg4 $16) 29... exd5 (29... gxh5 $2 30. Qxh5 Ne7
31. Qh8+ Ng8 32. g6 Ndf6 33. Bh6 $1 $18) 30. hxg6 Ne7 31. gxf7 g6 32. Bxd5 $16
{[#]} Qb6 (32... Qc7 33. Rxe7 $3 Bxe7 (33... Kxe7 34. Qe2+ Kf8 35. Qe4 Nb6 36.
Ba5 $18) 34. Qh1 Bd6 35. Qh8+ Ke7 36. Qxa8) (32... Rc8 $5 33. Qg4 $1 (33. Qf3
Qb6 34. Be6 $16) 33... Kg7 34. Be6 Nf8 35. d5 $3 Nxe6 36. dxe6 Nf5 37. Qh3 Be7
(37... Qh8 38. Bc3+ $1 {Mat in 5})) 33. Be6 $18 Rd8 ({Longer resistance
promised} 33... Qxd4 $5 34. Bc3 Qxd1+ 35. Rxd1 Nc5 36. Rxd6 Nxe6 37. Rxe6 Kxf7
38. Rf6+ Ke8 39. Bb4 $18) 34. Qg4 Nf5 35. Bxf5 gxf5 36. Qh5 Qxd4 37. Re8+ 1-0

[Event "POL-ch 53rd"]
[Site "Brzeg Dolny"]
[Date "1996.??.??"]
[Round "7"]
[White "Gdanski, Jacek"]
[Black "Krasenkow, Michal"]
[Result "1/2-1/2"]
[WhiteElo "2480"]
[BlackElo "2610"]
[Annotator "Krasenkow,M"]
[PlyCount "111"]
[EventDate "1996.03.09"]
[EventType "tourn"]
[EventRounds "15"]
[EventCountry "POL"]
[EventCategory "9"]
[SourceTitle "CBM 053"]
[Source "ChessBase"]
[SourceDate "1996.08.01"]
[SourceVersion "1"]
[SourceVersionDate "1996.08.01"]
[SourceQuality "1"]

1. e4 c5 2. Nf3 e6 3. c3 Nf6 4. e5 Nd5 5. d4 cxd4 6. Qxd4 Nc6 7. Qe4 Qc7 8. Bc4
$146 Nde7 9. Bf4 Ng6 10. Bg3 a6 (10... h5 $5 11. h4 (11. h3 $5 h4 12. Bh2 Rh5
13. Be2 $1) 11... Nce7 {J.Gdanski}) 11. Nbd2 b5 12. Bd3 d6 13. exd6 Bxd6 14.
Qe3 Nf4 15. O-O Nxd3 16. Bxd6 $1 (16. Qxd3 Bxg3 17. hxg3 Bb7 $15) 16... Qxd6
17. Ne4 Qf4 (17... Qd5 18. Rfd1 f5 $6 19. Neg5) (17... Qe7 $142) 18. Qxd3 O-O
19. Neg5 g6 20. Qe4 $1 Qxe4 (20... Qc7 $6 21. Qh4) 21. Nxe4 e5 22. Rfd1 Bf5 23.
Nc5 a5 24. Nd7 $16 (24. Rd6 $5 Rac8 25. Rad1) 24... Bxd7 25. Rxd7 Rfd8 26. Rad1
f6 27. Kf1 Rxd7 28. Rxd7 Rd8 29. Rc7 Rd6 30. Ke2 Nd8 31. Ra7 Ne6 32. g3 a4 33.
Nd2 f5 34. Rb7 Rd5 35. Nf1 $2 (35. Nb1 Rc5 36. Na3 Nc7 37. Kd2 {/\38.b4 ab3 39.
ab3, 40.b4+/-}) 35... Rc5 $1 {/\36...a3} 36. a3 Ng5 37. h4 Nf7 $10 38. Nd2 Kg7
39. Nf3 h6 (39... Kf6 $10) 40. Rb6 Rd5 $6 (40... h5) 41. h5 g5 (41... gxh5 42.
Nh4 e4 43. Ke3 $16) 42. Rg6+ (42. g4 fxg4 (42... f4 43. Rg6+ Kf8 44. Re6 $14)
43. Nh2 $14) 42... Kf8 43. g4 fxg4 44. Nh2 Rd6 45. Nxg4 (45. Rxd6 Nxd6 46. Nxg4
Nc4 47. Nxh6 Nxb2 48. Ng4 Nc4 49. Kd3 Nxa3 50. Nxe5 Kg7 $15) 45... Rxg6 46.
hxg6 Nd6 (46... h5 47. Nf6 Nd6 $2 48. Nxh5 Nc4 49. Kf3) 47. Nxh6 Kg7 48. Ng4 (
48. Nf7 $2 Nxf7 49. gxf7 Kxf7 $19) 48... e4 (48... Nc4 49. Kf3 Nxb2 (49... Kxg6
50. Ke4) 50. Nxe5 Nd1 51. Kg4 Nxc3 52. Nc6 Kxg6 53. f4 gxf4 54. Kxf4 Nb1 55.
Ke4 Nxa3 56. Kd3 Kf6 57. Kc3 Ke6 58. Na7 Kd7 59. Kb4 $10) 49. Ne5 Kf6 50. c4
Nxc4 (50... bxc4 51. Nd7+ Kxg6 52. Nc5) 51. Nxc4 bxc4 52. Ke3 Kxg6 53. Kxe4 Kh5
54. Kd4 Kg4 55. Kxc4 Kf3 56. b4 (56. b4 axb3 57. Kxb3 Kxf2 58. a4 $10) 1/2-1/2

[Event "Sinquefield Cup 5th"]
[Site "Saint Louis"]
[Date "2017.08.03"]
[Round "2"]
[White "Aronian, Levon"]
[Black "Caruana, Fabiano"]
[Result "0-1"]
[WhiteElo "2809"]
[BlackElo "2807"]
[Annotator "Krasenkow,M"]
[PlyCount "220"]
[EventDate "2017.08.02"]
[EventType "tourn"]
[EventRounds "9"]
[EventCountry "USA"]
[EventCategory "22"]
[SourceTitle "CBM 180"]
[Source "ChessBase"]
[SourceDate "2017.09.13"]
[SourceVersion "1"]
[SourceVersionDate "2017.09.13"]
[SourceQuality "1"]

1. d4 ({cf.} 1. e4 c5 2. c3 ({and also} 2. Nf3 a6 3. c3 d5 4. exd5 Qxd5 5. d4
e6 6. Be2 Nf6 7. O-O Nc6 8. Bf4 cxd4 9. cxd4 Be7 10. Nc3 Qd8) 2... d5 3. exd5
Qxd5 4. d4 e6 5. Nf3 Nf6 6. Be2 Nc6 7. O-O Be7 8. Na3 cxd4 9. Nb5 Qd8 10. cxd4
$6 a6 11. Nc3 {- see below}) 1... d5 2. Nf3 Nf6 3. c4 dxc4 4. e3 e6 5. Bxc4 c5
6. O-O a6 7. Be2 cxd4 {This rare move leads to positions arising from the
Alapin Sicilian but with an extra tempo for White. However, it is unclear
whether the tempo gives White any real benefit.} (7... Nbd7 $5 8. dxc5 Bxc5 9.
a3 b5 10. b4 Be7 11. Bb2 Bb7 12. Nbd2 Nb6 13. Rc1 O-O 14. Ne5 Bd6 15. Ndf3 Bd5
{1/2 (15) Maisuradze,N (2308)-David,A (2602) Orsay 2009}) (7... Nc6 $5 8. dxc5
(8. Ne5 cxd4 9. Nxc6 bxc6 10. exd4 Bd6 11. Nc3 Qc7 12. h3 O-O 13. Be3 Rd8 14.
Qc2 {1-0 (22) Lemos,D (2292)-Caramia,J (2187) Villa Ballester 2006} a5 $11 {
[%cal Yc8a6]}) 8... Qxd1 ({or} 8... Bxc5 9. Qxd8+ Kxd8) 9. Rxd1 Bxc5 {
transposes to the 7.dxc5 system.}) 8. exd4 Nc6 9. Nc3 Be7 {Compare this
position to the annotation to move 1!} 10. Be3 (10. Bg5 h6 11. Bh4 Nd5 12. Bxe7
Ncxe7 13. Qd2 Bd7 14. Nxd5 Nxd5 15. Ne5 O-O 16. Rac1 Rc8 17. Bf3 Qe7 18. Bxd5
exd5 {1/2 (18) Teichmann,R-Blackburne,J Ostend 1905}) 10... Ng4 {A strange
manoeuvre. Fabiano Caruana definitely overlooked something. But even after
that Black's position is very solid!} (10... O-O $5 11. Rc1 Bd6 12. Bg5 (12. a3
$5) 12... h6 13. Bxf6 (13. Bh4 Bf4) 13... Qxf6 14. Ne4 Qf4 15. Nxd6 Qxd6 16.
Qb3 b5 17. Rfd1 Rd8 18. Bd3 Bb7 19. Be4 Rab8 20. Qe3 Nb4 $11 {1/2 (35) Jordaan,
W-Mujica,H LSS 2006}) 11. Bf4 Nf6 {After this move we get a position arising
from some side Sicilian lines - see, e.g. another line in the annotation to
move 1 (in brackets).} (11... Bd6 12. Qd2 $5) 12. Rc1 (12. Qd2 $6 O-O 13. Rfd1
b5 14. Ne5 Bb7 15. Bf3 Rc8 $11 {1/2 (37) Wolf,C (2148)-Muse,D (2393) Germany
2016}) (12. Qa4 O-O 13. Rfd1 Nb4 14. Ne5 Nbd5 15. Bg5 h6 16. Bxf6 Bxf6 17. Nxd5
{1/2 (16) Wittmann,W (2365)-Paehtz,E (2421) Germany 2006}) 12... O-O 13. Na4 {
An active move. White tries to prevent his opponent's comfortable development.
Alas, in vain.} (13. a3 Bd7 14. Ne5 Be8 15. Be3 Rc8 16. Bd3 Nd5 17. Nxd5 Qxd5
18. f4 Nxe5 19. fxe5 Rxc1 20. Qxc1 Bc6 $11 {1-0 (37) Hristodorescu,D (2267)
-Filipek,J (2416) Brasschaat 2002}) (13. Bd3 Nb4 14. Bb1 b5 15. a3 Nbd5 16. Be5
Bb7 17. Qd3 g6 18. Nxd5 Qxd5 19. Rc7 Bd8 20. Rc5 Qd7 $11 {1/2 (55) Crouch,
C-Franklin,M (2335) London 1974}) 13... Nd5 14. Bg3 Bd6 15. Bd3 (15. Ne5 Nce7
16. Qb3 Nf5 17. Rfd1 {1-0 (63) Sturc,G (2137)-Obdrzalkova,A (2153) Slovakia
2002} f6 18. Nf3 Nxg3 19. hxg3 Bd7 $11) 15... Nce7 16. Qb3 (16. Bxd6 Qxd6 17.
Nc5 b6 18. Ne4 Qd8 $11) 16... b6 17. Be4 Rb8 18. Rfe1 Bb7 19. Nc3 Nxc3 20. Bxb7
$6 {After this move White gets an isolated central pawn in a simplified
position, which is rather favourable for Black although his edge is minimal.} (
20. bxc3 $11) 20... Nxa2 $1 21. Qxa2 Rxb7 22. Qxa6 Rc7 23. b3 {A strange move.}
(23. Be5 $15 {/=}) 23... Nf5 24. Rxc7 (24. Be5 $5) 24... Qxc7 25. Qb5 h6 26. d5
$6 {This move increases Black's advantage a little bit: he gets a B vs N in an
open position; besides, White's double g-pawns will be another headache for
him.} (26. Be5 $5) 26... exd5 27. Qxd5 Nxg3 28. hxg3 Rd8 29. Qb5 g6 30. Ne5 Qc5
{With B vs N, it is usually favourable to exchange queens and not rooks.} 31.
Qxc5 Bxc5 {[%mdl 4096]} 32. Kf1 Kg7 33. Ke2 $2 {[%mdl 8192] A sudden but
typical blunder: when your position consequently deteriorates, you often lose
patience.} (33. g4 $5 {but even after that White faces a long defence.}) 33...
Bb4 $1 34. Rc1 Re8 {[%csl Re5]} 35. f4 f6 36. Rc7+ Kh8 37. Rc6 {The only
chance to create technical problems for Black.} fxe5 38. Rxb6 exf4+ 39. Kf3
Re3+ 40. Kxf4 Bd2 41. Rxg6 Kh7 42. Kf5 Rxb3 {This endgame is difficult to win
but Black's important trump is that he can trade rooks despite the "wrong"
corner!} 43. Rd6 Bg5 44. Rd7+ Kg8 45. Kg4 Bf6 46. Kf5 Bg7 47. g4 Rb2 48. g3
Rb5+ 49. Ke4 Bf6 50. Rd3 Rb4+ 51. Kf3 Bg5 52. Rd5 Rb3+ 53. Kg2 Kf7 54. Rd6 Ke7
55. Rc6 Rd3 56. Ra6 Rd6 57. Ra3 ({Here is the point:} 57. Rxd6 $2 Kxd6 58. Kf3
Ke5 59. Ke2 Kd4 60. Kf3 Be3 61. Kg2 Ke4 62. Kh2 Kf3 63. Kh3 Kf2 64. Kh2 Kf1 65.
Kh1 (65. Kh3 Kg1) 65... Bg1 $22 66. g5 hxg5 {, and there is no stalemate as
White has another g-pawn! Therefore Black wins.}) 57... Ke6 58. Kf3 Ke5 59.
Ra5+ Rd5 60. Ra3 Kd4 61. Ra4+ Kd3 62. Ra3+ Kd2 63. Ra1 Rc5 64. Kf2 Rc2 65. Rb1
Bf6 66. Kg2 Ke3+ 67. Kh3 Kf2 68. Rb5 Re2 69. Rb6 (69. Rd5 $5 Re5 {[%cal Yf6g5]}
(69... Bg5 $4 70. Rf5+ Ke1 71. Rxg5 $1 $11)) 69... Bg5 70. Rb5 Bd2 $1 71. Kh2
Kf1+ 72. Kh1 (72. Kh3 Kg1 73. Rb1+ Be1 74. g5 h5 $1 $19) 72... Re4 73. Rf5+ Ke2
74. Kg2 Rxg4 {Black has won a pawn but he can't trade rooks anymore.} 75. Rf2+
Kd3 76. Rf6 Rd4 77. Rf1 Ke4 78. Rf8 Bg5 79. Rf1 Be3 80. Rf8 Rd2+ 81. Kh3 Bg1
82. Kg4 Ke5 83. Rf5+ Ke6 84. Rf1 Bd4 85. Rh1 Bg7 86. Kf3 Kf5 87. Rh5+ Kg6 88.
Rb5 Rd3+ 89. Kf4 Bf8 90. Rb6+ Bd6+ 91. Ke4 Rd1 92. Kf3 Kf5 93. Rb5+ Be5 94. Rb6
h5 95. Rh6 Kg5 96. Re6 Bd6 97. Re8 Rc1 98. Re6 Rd1 99. Re8 Rg1 100. Kf2 Rc1
101. Kf3 Kf5 102. Re3 Bc5 103. Rd3 Ke5 104. Rd2 Rc3+ 105. Kg2 Ke6 106. Kh3 $2 {
White goes for a R vs R+B endgame but it is lost as he can't avoid the
Philidor position!} (106. Rd8 $142 Bd6 107. Rg8 {continuing resistance.})
106... Bd6 $1 107. Kh4 (107. Rg2 Kf5 {[%cal Yf5g5,Yh5h4]}) 107... Bxg3+ 108.
Kxh5 Kf5 109. Rd5+ $2 {This ends the game immediately.} (109. Rb2 $142 Rc1 110.
Rb5+ Be5 111. Rb4 {reaching the Philidor position. However, after his dramatic
game against Svidler from the Candidates tournament-2016 (which apparently
cost him a World Championship match), Fabiano Caruana must know the way to win
by heart.}) 109... Be5 110. Kh4 Rc4+ (110... Rc4+ 111. Kh3 Rc2 $19) 0-1